|
|
|
|
| LEADER |
00000nam a22000007a 4500 |
| 005 |
20140819125515.0 |
| 007 |
cr|||| |||| |
| 008 |
140819s2014 es |||||s|||| 00||0 spa d |
| 035 |
|
|
|a 11863
|
| 040 |
|
|
|a vLex
|
| 090 |
|
|
|c 5120
|d 5120
|
| 100 |
1 |
|
|a Palomar, Alberto
|
| 245 |
1 |
0 |
|a Prc̀tico Trafico y Seguridad Vial
|h [Recurso electrn̤ico] /
|c Alberto Palomar, Francisco Javier Fuertes
|
| 256 |
|
|
|a Servicio en ln̕ea
|
| 260 |
|
|
|a Barcelona:
|b Vlex,
|c 2014
|
| 300 |
|
|
|a 1 recurso electrn̤ico
|
| 500 |
|
|
|a La mejor defensa ante las multas impuestas frente a la Administracin̤ competente en Trf̀ico y Seguridad Vial. Gua̕ prc̀tica con todos los tipos de infracciones y sanciones adems̀ del anl̀isis de cada una de las fases del procedimiento sancionador en la materia.
|
| 506 |
1 |
|
|a Disponible solo en los productos indicados
|d vLex Global
|d vLex Global (Academic Edition, excluding Law Schools)
|d vLex Global (U.S. Academic Edition, Law Schools)
|d vLex Global (U.S. Academic Edition, excluding Law Schools)
|d vLex Global (Academic Edition, Law Schools)
|
| 650 |
0 |
4 |
|a Trf̀ico y Seguridad Vial
|z Espaą
|
| 700 |
1 |
|
|a Fuertes, Francisco Javier
|
| 740 |
0 |
|
|a vLex Libros (Servicio en ln̕ea)
|
| 856 |
4 |
0 |
|u http://app.vlex.com/#ES.trafico/browse
|z Acceso restringido
|
| 942 |
|
|
|c BOOK
|
| 999 |
0 |
|
|a Traffic and Road Safety
|